| 000 | 00663nam a22002177a 4500 | ||
|---|---|---|---|
| 005 | 20250902115112.0 | ||
| 008 | 250902b |||||||| |||| 00| 0 eng d | ||
| 020 | _a9788119679904 | ||
| 040 |
_aIN-DiNC _cIN-DiNC |
||
| 041 | _dasm | ||
| 082 |
_a306.8 _bPHU |
||
| 100 |
_aPhukan, Diganta Kumar _eauthor |
||
| 245 |
_aBibah, pariyal aru swajan (GEC3)/ _cby Diganta Kumar Phukan, Tapan Saikia and Hemanta Kumar Hazarika |
||
| 250 | _a1st ed. | ||
| 260 |
_aJorhat: _bBidya bhawan, _c2024. |
||
| 300 | _a144p. | ||
| 650 | _aMarriage, family and kinship (GEC3) | ||
| 700 |
_aSaikia, Tapan _eauthor |
||
| 700 |
_aHazarika, Hemanta Kumar _eauthor |
||
| 942 |
_2ddc _cBK |
||
| 999 |
_c12223 _d12223 |
||